000 00719nam a2200241Ia 4500
003 OSt
005 20220925205753.0
006 a|||||r|||| 00| 0
007 ta
008 220923b |||||||| |||| 00| 0 eng d
020 _a0824803663
037 _cGeneral Book
040 _aRTL
_cRTL
_beng
041 _2eng
_aeng
082 _aX9(J).433.N7, L8
100 _aKunstadter Peter etc Ed.
_9270981
245 0 _aFarmers in the forest
_b Economic development and ma
260 _aHonolulu
_bUniversity Press of Hawaii
_c1978
300 _avi, 402p.
_ccm.
650 _aAgricultural Industry
942 _hX9(J).433.N7, L8
_cGB
_2CC
999 _c553154
_d553154